000 00319nam a22001217a 4500
008 160512b xxu||||| |||| 00| 0 eng d
020 _a9780671027261
020 _a0671027263
041 _aeng
080 _a61
245 _aMerck manual of medical information:
_cRobert Berkow M.D. ;Mark H Beers M.D.;
942 _2udc
_cBK
999 _c2086
_d2086